[Event "Sao Paulo Seniors-ch"]
[Site "Sao Paulo"]
[Date "2015.12.13"]
[Round "6"]
[White "Zoratto, Dante Leonardo"]
[Black "Christen, Peter Walter"]
[Result "1/2-1/2"]
[WhiteElo "1767"]
[BlackElo "1529"]
[PlyCount "41"]
[EventDate "2015.12.10"]
[EventType "swiss"]
[EventRounds "7"]
[EventCountry "BRA"]
[SourceTitle "EXT 2017"]
[Source "ChessBase"]
[SourceDate "2016.10.25"]
[SourceVersion "1"]
[SourceVersionDate "2016.10.25"]
[SourceQuality "1"]

1. g3 d5 2. Nf3 Bf5 3. d3 e6 4. Bg2 Nf6 5. 0-0 Bd6 6. Bg5 Nbd7 7. Nc3 h6 8. Bd2 c6 9. Re1 0-0 10. e4 dxe4 11. dxe4 Bg4 12. e5 Nxe5 13. Be3 Bxf3 14. Bxf3 Bb4 15. Bg2 Nc4 16. Rb1 Qxd1 17. Rexd1 Nxe3 18. fxe3 Rfd8 19. h3 Rxd1+ 20. Rxd1 Bxc3 21. bxc3 1/2-1/2

[Event "Sao Paulo op-B 2nd"]
[Site "Sao Paulo"]
[Date "2015.02.07"]
[Round "4"]
[White "Christen, Peter Walter"]
[Black "Ferreira, Rafael Cassoni Buel"]
[Result "1-0"]
[WhiteElo "1540"]
[BlackElo "1601"]
[PlyCount "115"]
[EventDate "2015.02.05"]
[EventType "swiss"]
[EventRounds "6"]
[EventCountry "BRA"]
[SourceTitle "CBM 164 Extra"]
[Source "ChessBase"]
[SourceDate "2015.03.02"]
[SourceVersion "1"]
[SourceVersionDate "2015.03.02"]
[SourceQuality "1"]

1. e4 e5 2. Nf3 Nc6 3. Bc4 Nd4 4. Nxd4 exd4 5. d3 Qf6 6. Nd2 Bb4 7. 0-0 Ne7 8. Qf3 Qxf3 9. Nxf3 0-0 10. Nxd4 Bc5 11. Be3 d6 12. Nb5 Bb6 13. Bxb6 cxb6 14. Nxd6 Rb8 15. Nxc8 Rbxc8 16. f4 Nc6 17. c3 Na5 18. Bd5 Kh8 19. b4 Nc6 20. Bxc6 bxc6 21. d4 h6 22. e5 c5 23. dxc5 bxc5 24. b5 Rb8 25. c4 f6 26. exf6 Rxf6 27. g3 Rd6 28. a4 Rd2 29. Rf2 Rd3 30. Raa2 Re8 31. Kg2 Re4 32. Rfc2 Rdd4 33. a5 Rxc4 34. b6 axb6 35. Rxc4 Rxc4 36. a6 Rd4 37. a7 Rd8 38. a8Q Rxa8 39. Rxa8+ Kh7 40. Rb8 Kg6 41. Rxb6+ Kf5 42. Rc6 Ke4 43. Rxc5 Kd4 44. Rc7 g5 45. fxg5 hxg5 46. Rg7 Ke5 47. Rxg5+ Kf6 48. h4 Kf7 49. h5 Kf6 50. Rg4 Kf5 51. Kf3 Kf6 52. h6 Kf5 53. h7 Ke6 54. h8Q Kd5 55. Qh5+ Ke6 56. Rg6+ Kf7 57. Qh7+ Kf8 58. Rg8# 1-0

[Event "Sao Paulo op-B 2nd"]
[Site "Sao Paulo"]
[Date "2015.02.06"]
[Round "2"]
[White "Christen, Peter Walter"]
[Black "Ribeiro, Cesar Augusto Basag"]
[Result "1-0"]
[WhiteElo "1540"]
[BlackElo "1557"]
[PlyCount "75"]
[EventDate "2015.02.05"]
[EventType "swiss"]
[EventRounds "6"]
[EventCountry "BRA"]
[SourceTitle "CBM 164 Extra"]
[Source "ChessBase"]
[SourceDate "2015.03.02"]
[SourceVersion "1"]
[SourceVersionDate "2015.03.02"]
[SourceQuality "1"]

1. e4 e5 2. Nf3 d6 3. d4 Nc6 4. d5 Nb4 5. a3 Na6 6. Nc3 Nf6 7. Bg5 h6 8. Bxf6 Qxf6 9. Bb5+ Bd7 10. Qe2 Qg6 11. 0-0 0-0-0 12. Bxa6 Bh3 13. Ne1 Bg4 14. f3 Bh3 15. Bd3 Be7 16. Kh1 Bd7 17. g3 h5 18. f4 h4 19. f5 Qg5 20. Nf3 Qg4 21. gxh4 g5 22. Nxg5 Qxh4 23. Nxf7 Rh5 24. Nxd8 Kxd8 25. Rg1 Bg5 26. Rg4 Qh3 27. Rag1 Bf4 28. R1g2 c6 29. Qf3 Be3 30. Qg3 Bc1 31. Qxh3 Rxh3 32. Rg8+ Be8 33. Nd1 Kd7 34. dxc6+ bxc6 35. R2g7+ Kd8 36. Rxa7 Bf4 37. Ra8+ Kd7 38. Raxe8 1-0

[Event "Sao Paulo Braga Memorial 3rd"]
[Site "Sao Paulo"]
[Date "2014.12.13"]
[Round "4"]
[White "Christen, Peter Walter"]
[Black "Nikolic, Jovane"]
[Result "1/2-1/2"]
[WhiteElo "1548"]
[BlackElo "1773"]
[PlyCount "61"]
[EventDate "2014.12.12"]
[EventType "swiss"]
[EventRounds "6"]
[EventCountry "BRA"]
[SourceTitle "EXT 2016"]
[Source "ChessBase"]
[SourceDate "2015.10.08"]
[SourceVersion "1"]
[SourceVersionDate "2015.10.08"]
[SourceQuality "1"]

1. e4 e5 2. Nf3 Nc6 3. Bc4 Bc5 4. c3 Nf6 5. d3 h6 6. b4 Bb6 7. a4 a6 8. 0-0 0-0 9. Be3 Bxe3 10. fxe3 d6 11. h3 Qe7 12. Nbd2 Be6 13. Nh2 d5 14. exd5 Bxd5 15. e4 Bxc4 16. Nxc4 Rad8 17. Qe2 Nb8 18. Ne3 Qd7 19. Rad1 Nc6 20. Nf5 Ne7 21. Nxh6+ gxh6 22. Rxf6 Kg7 23. Qf3 Ng6 24. Ng4 h5 25. Ne3 Nf4 26. Rf5 f6 27. Rxh5 Nxh5 28. Qxh5 Rg8 29. Nf5+ Kf8 30. Qh6+ Ke8 31. Qxf6 1/2-1/2

[Event "Sao Bernardo do Campo LXSBC op"]
[Site "Sao Bernardo do Campo"]
[Date "2014.07.27"]
[Round "5"]
[White "Caporale, Giuseppe Guido"]
[Black "Christen, Peter Walter"]
[Result "1-0"]
[WhiteElo "1762"]
[BlackElo "1553"]
[PlyCount "95"]
[EventDate "2014.07.25"]
[EventType "swiss"]
[EventRounds "6"]
[EventCountry "BRA"]
[SourceTitle "EXT 2016"]
[Source "ChessBase"]
[SourceDate "2015.10.08"]
[SourceVersion "1"]
[SourceVersionDate "2015.10.08"]
[SourceQuality "1"]

1. e4 e6 2. Qe2 Bc5 3. c3 Ne7 4. d4 Bb6 5. f4 d5 6. e5 0-0 7. Nf3 c5 8. Be3 cxd4 9. Bxd4 Nbc6 10. Bxb6 Qxb6 11. Na3 a6 12. 0-0-0 Rd8 13. Nc2 Bd7 14. Qe1 Na7 15. Bd3 Bb5 16. Bxh7+ Kxh7 17. Qh4+ Kg8 18. Qxe7 Be2 19. Ng5 Bh5 20. Rd2 Nc6 21. Qa3 Rac8 22. Kb1 Bg6 23. Ka1 Bxc2 24. Rxc2 Qe3 25. g3 Nxe5 26. fxe5 Qxg5 27. Qb3 Rd7 28. Re1 Rdc7 29. Qb6 Qe7 30. Rd2 Rc5 31. Qb3 Qc7 32. Rd4 Rc4 33. Rxc4 dxc4 34. Qd1 Rd8 35. Qe2 Rd5 36. Kb1 b5 37. a3 Qd8 38. h4 Rd2 39. Qe4 Qd3+ 40. Qxd3 Rxd3 41. g4 Rh3 42. h5 Rg3 43. Re4 Kh7 44. Rf4 Kg8 45. Re4 Kh7 46. Rd4 a5 47. a4 b4 48. cxb4 1-0

[Event "Sao Paulo op-A U2300"]
[Site "Sao Paulo"]
[Date "2014.04.03"]
[Round "1"]
[White "Christen, Peter Walter"]
[Black "Carvalho, Herbert Abreu"]
[Result "0-1"]
[WhiteElo "1560"]
[BlackElo "2176"]
[PlyCount "46"]
[EventDate "2014.04.03"]
[EventType "swiss"]
[EventRounds "6"]
[EventCountry "BRA"]
[SourceTitle "CBM 159 Extra"]
[Source "ChessBase"]
[SourceDate "2014.04.24"]
[SourceVersion "1"]
[SourceVersionDate "2014.04.24"]
[SourceQuality "1"]

1. e4 d6 2. d4 Nf6 3. Nc3 g6 4. Nf3 Bg7 5. Bd3 0-0 6. h3 Nc6 7. 0-0 e5 8. d5 Ne7 9. Bg5 h6 10. Be3 c6 11. dxc6 bxc6 12. Nh2 d5 13. Bc5 Re8 14. f4 exf4 15. Rxf4 g5 16. Rf2 Ng6 17. exd5 cxd5 18. Bd4 Nf4 19. Ne2 N6h5 20. Bxg7 Kxg7 21. Nxf4 Nxf4 22. Qf3 Qb6 23. b3 Re3 0-1

[Event "Pocos de Caldas op"]
[Site "Pocos de Caldas"]
[Date "2014.02.16"]
[Round "5"]
[White "Da Silva, Robson Batista"]
[Black "Christen, Peter Walter"]
[Result "1-0"]
[WhiteElo "1673"]
[BlackElo "1557"]
[PlyCount "56"]
[EventDate "2014.02.14"]
[EventType "swiss"]
[EventRounds "6"]
[EventCountry "BRA"]
[SourceTitle "CBM 158 Extra"]
[Source "ChessBase"]
[SourceDate "2014.02.28"]
[SourceVersion "1"]
[SourceVersionDate "2014.02.28"]
[SourceQuality "1"]

1. e4 e6 2. d4 d5 3. Nc3 Bb4 4. exd5 exd5 5. Bd3 Nf6 6. Bg5 0-0 7. Nge2 h6 8. Bh4 Be6 9. 0-0 c6 10. a3 Be7 11. Bg3 Nh5 12. Re1 Nd7 13. Nf4 Nxf4 14. Bxf4 Nf6 15. Ne2 Bd6 16. c3 Re8 17. Bxd6 Qxd6 18. Ng3 Bg4 19. Qd2 Kf8 20. f3 Bd7 21. Bf5 Rxe1+ 22. Rxe1 Re8 23. Rxe8+ Bxe8 24. Bd3 Bd7 25. Bf5 a5 26. Bxd7 Qxd7 27. Qf4 Qd8 28. Kf2 Kg8 1-0

[Event "Pocos de Caldas op"]
[Site "Pocos de Caldas"]
[Date "2014.02.14"]
[Round "2"]
[White "Christen, Peter Walter"]
[Black "Kurita, Rubens Massami"]
[Result "0-1"]
[WhiteElo "1557"]
[BlackElo "1824"]
[PlyCount "76"]
[EventDate "2014.02.14"]
[EventType "swiss"]
[EventRounds "6"]
[EventCountry "BRA"]
[SourceTitle "CBM 158 Extra"]
[Source "ChessBase"]
[SourceDate "2014.02.28"]
[SourceVersion "1"]
[SourceVersionDate "2014.02.28"]
[SourceQuality "1"]

1. e4 e6 2. d4 d5 3. Nc3 Bb4 4. e5 c5 5. a3 Bxc3+ 6. bxc3 Qa5 7. Bd2 Qa4 8. Qb1 c4 9. Nf3 Ne7 10. Be2 Nbc6 11. Bg5 Qa5 12. Bd2 0-0 13. 0-0 Qc7 14. h3 Bd7 15. Nh2 f6 16. f4 Rab8 17. Qb2 Nf5 18. Rf3 Nh4 19. Rff1 Nf5 20. Rf3 b5 21. g4 Nh4 22. Rff1 Qb6 23. Kh1 Qd8 24. Rg1 fxe5 25. fxe5 Rf2 26. Rae1 Nxe5 27. Be3 Rf7 28. Qc1 Nef3 29. Nxf3 Nxf3 30. Bxf3 Rxf3 31. Kg2 Rf7 32. Bf4 Rb6 33. Be5 Ra6 34. Ref1 Qe7 35. Rxf7 Qxf7 36. Qg5 h6 37. Qd8+ Qe8 38. Qc7 Qc8 0-1

[Event "Sao Paulo Braga Memorial 2nd"]
[Site "Sao Paulo"]
[Date "2013.07.08"]
[Round "4"]
[White "Christen, Peter Walter"]
[Black "Lisboa Torres, Eduardo"]
[Result "0-1"]
[WhiteElo "1572"]
[BlackElo "1864"]
[PlyCount "52"]
[EventDate "2013.07.05"]
[EventType "swiss"]
[EventRounds "9"]
[EventCountry "BRA"]
[SourceTitle "CBM 155 Extra"]
[Source "ChessBase"]
[SourceDate "2013.08.26"]
[SourceVersion "1"]
[SourceVersionDate "2013.08.26"]
[SourceQuality "1"]

1. e4 c5 2. Na3 b6 3. c3 e5 4. Nf3 Nc6 5. Bb5 Nge7 6. Nc4 Qc7 7. 0-0 a6 8. Bxc6 Nxc6 9. d3 g6 10. Bg5 Bg7 11. Ne3 f6 12. Nd5 Qd8 13. Be3 Ne7 14. Nxe7 Qxe7 15. h3 Rb8 16. Nh2 d6 17. f4 f5 18. Qd2 0-0 19. fxe5 dxe5 20. exf5 Bxf5 21. g4 Be6 22. b3 Bd5 23. Qe2 Qh4 24. Rf2 Qxh3 25. Raf1 Qg3+ 26. Rg2 Bxg2 0-1

[Event "Sao Bernardo do Campo op"]
[Site "Sao Bernardo do Campo"]
[Date "2013.05.25"]
[Round "3"]
[White "Christen, Peter Walter"]
[Black "Penha, Evelyn Maximiano"]
[Result "1-0"]
[WhiteElo "1561"]
[BlackElo "1685"]
[PlyCount "75"]
[EventDate "2013.05.24"]
[EventType "swiss"]
[EventRounds "6"]
[EventCountry "BRA"]
[SourceTitle "CBM 154 Extra"]
[Source "ChessBase"]
[SourceDate "2013.06.25"]
[SourceVersion "2"]
[SourceVersionDate "2013.06.25"]
[SourceQuality "1"]

1. e4 c5 2. Na3 Nc6 3. Bb5 g6 4. Nf3 Bg7 5. c3 e5 6. 0-0 Nge7 7. d3 0-0 8. Be3 d6 9. h3 a6 10. Bxc6 Nxc6 11. Nc2 f5 12. Bg5 Bf6 13. Bxf6 Qxf6 14. Ne3 fxe4 15. dxe4 Bxh3 16. Nd5 Qe6 17. Ng5 Qg4 18. Nxh3 Qxe4 19. Ne3 Rad8 20. Qd5+ Qxd5 21. Nxd5 h6 22. f4 e4 23. Rfe1 Rde8 24. g3 Rf5 25. Rad1 Kh8 26. Nf2 g5 27. Rxe4 Rff8 28. g4 Rf7 29. f5 Ne5 30. Nd3 Nf3+ 31. Kf2 Nh4 32. Re6 Nxf5 33. Kg1 Nh4 34. Rxh6+ Kg7 35. Rxd6 Nf3+ 36. Kh1 Rh8+ 37. Kg2 Rh2+ 38. Kg3 1-0

[Event "Crema op 12th"]
[Site "Crema "]
[Date "2010.09.05"]
[Round "3"]
[White "Epitome, Nando"]
[Black "Christen, Peter Walter"]
[Result "1/2-1/2"]
[WhiteElo "1607"]
[BlackElo "1544"]
[PlyCount "62"]
[EventDate "2010.09.05"]
[EventType "swiss"]
[EventRounds "6"]
[EventCountry "ITA"]
[SourceTitle "EXT 2012"]
[Source "ChessBase"]
[SourceDate "2011.11.24"]
[SourceVersion "1"]
[SourceVersionDate "2011.11.24"]
[SourceQuality "1"]

1. d4 e6 2. c4 d5 3. Nc3 Nf6 4. Nf3 c6 5. Qb3 dxc4 6. Qxc4 b5 7. Qd3 Ba6 8. Qc2 Bd6 9. e4 Bb4 10. Bd2 0-0 11. a4 Bxc3 12. bxc3 Bb7 13. Bg5 h6 14. Bxf6 Qxf6 15. axb5 cxb5 16. Bxb5 Rc8 17. 0-0 a6 18. Bd3 Nc6 19. Ra4 a5 20. Qe2 Qd8 21. Rb1 Qc7 22. Rc4 Ba6 23. Ra4 Bxd3 24. Qxd3 Rcb8 25. Rxb8+ Rxb8 26. g3 Rb3 27. Qc4 Qb6 28. Kg2 Rb2 29. Ne1 Ne5 30. Qc8+ Kh7 31. Qa8 Re2 1/2-1/2

[Event "Carignano Mo Memorial 5th"]
[Site "Carignano"]
[Date "2010.05.08"]
[Round "2"]
[White "Christen, Peter Walter"]
[Black "Babilonia, Mauricio Rafael"]
[Result "0-1"]
[WhiteElo "1504"]
[BlackElo "2010"]
[PlyCount "66"]
[EventDate "2010.05.07"]
[EventType "swiss"]
[EventRounds "5"]
[EventCountry "ITA"]
[SourceTitle "EXT 2024"]
[Source "ChessBase"]
[SourceDate "2023.10.10"]
[SourceVersion "1"]
[SourceVersionDate "2023.10.10"]
[SourceQuality "1"]

1. e4 d5 2. exd5 Qxd5 3. Nc3 Qd6 4. d4 Nf6 5. Nf3 c6 6. Bc4 Bg4 7. Bxf7+ Kxf7 8. Ne5+ Qxe5+ 9. dxe5 Bxd1 10. Nxd1 Nd5 11. 0-0 e6 12. Ne3 Bc5 13. Nxd5 cxd5 14. Kh1 Nc6 15. f4 Rhf8 16. Bd2 g6 17. c3 Bb6 18. g3 Na5 19. Rad1 Nc4 20. Bc1 Ne3 21. Bxe3 Bxe3 22. Rd3 Bc5 23. Kg2 Rfd8 24. Rfd1 a5 25. Kf3 Rdb8 26. h4 h5 27. a4 b5 28. axb5 Rb7 29. Ra1 Rxb5 30. b4 Be7 31. bxa5 Raxa5 32. Rad1 Rb3 33. Ke2 Raa3 0-1

[Event "Pinerolo op"]
[Site "Pinerolo"]
[Date "2009.11.13"]
[Round "1"]
[White "Christen, Peter Walter"]
[Black "Flego, Dario"]
[Result "1/2-1/2"]
[WhiteElo "1512"]
[BlackElo "1768"]
[PlyCount "99"]
[EventDate "2009.11.13"]
[EventType "swiss"]
[EventRounds "5"]
[EventCountry "ITA"]
[SourceTitle "EXT 2012"]
[Source "ChessBase"]
[SourceDate "2011.11.24"]
[SourceVersion "1"]
[SourceVersionDate "2011.11.24"]
[SourceQuality "1"]

1. e4 d5 2. exd5 Qxd5 3. Nc3 Qa5 4. d4 Nf6 5. Nf3 c6 6. Bd2 Qb6 7. b3 Bf5 8. Bc4 e6 9. 0-0 Nbd7 10. Re1 0-0-0 11. Qe2 Nd5 12. Nxd5 exd5 13. Bd3 Bg4 14. Bc3 Bb4 15. Bxb4 Qxb4 16. Qd2 Qd6 17. Ne5 Nxe5 18. Rxe5 f6 19. Ree1 g5 20. f3 Bd7 21. Re2 h5 22. Rae1 h4 23. Re7 g4 24. f4 g3 25. h3 Kb8 26. a4 Kc8 27. b4 Kb8 28. a5 Kc8 29. c3 Kb8 30. Qd1 Kc8 31. Qd2 Rde8 32. Rxe8+ Rxe8 33. Rxe8+ Bxe8 34. Qe3 Kd8 35. Bf5 Qe7 36. Qxe7+ Kxe7 37. Kf1 Bd7 38. Bg4 Bxg4 39. hxg4 Kd6 40. Ke2 b6 41. axb6 axb6 42. Ke3 c5 43. bxc5+ bxc5 44. g5 cxd4+ 45. cxd4 Ke6 46. Kf3 fxg5 47. fxg5 Kf5 48. g6 Kxg6 49. Kg4 Kf6 50. Kxh4 1/2-1/2

[Event "Crema op 11th"]
[Site "Crema"]
[Date "2009.09.05"]
[Round "3"]
[White "Christen, Peter Walter"]
[Black "Casale, Anania"]
[Result "0-1"]
[WhiteElo "1420"]
[BlackElo "1694"]
[PlyCount "152"]
[EventDate "2009.09.04"]
[EventType "swiss"]
[EventRounds "6"]
[EventCountry "ITA"]
[SourceTitle "EXT 2011"]
[Source "ChessBase"]
[SourceDate "2010.11.26"]
[SourceVersion "1"]
[SourceVersionDate "2010.11.26"]
[SourceQuality "1"]

1. e4 c5 2. Na3 e6 3. c3 d5 4. Bb5+ Bd7 5. Bxd7+ Qxd7 6. exd5 exd5 7. Qe2+ Be7 8. Nf3 a6 9. 0-0 Nc6 10. Nc2 Nf6 11. d4 0-0 12. Be3 Rfe8 13. Rae1 Bd6 14. Qd1 cxd4 15. Ncxd4 h6 16. Nxc6 bxc6 17. Bc1 Ne4 18. Nd2 f5 19. Nxe4 fxe4 20. h3 Qf5 21. Qg4 Rf8 22. Qxf5 Rxf5 23. f3 Raf8 24. Be3 exf3 25. g4 R5f7 26. Bd4 a5 27. Re6 Bg3 28. Bc5 Rb8 29. b3 Kh7 30. Bf2 Bxf2+ 31. Rxf2 Rc8 32. Re1 Rcf8 33. Kh2 Kg6 34. Kg3 h5 35. Re6+ Rf6 36. Rxf6+ Rxf6 37. a3 c5 38. b4 hxg4 39. hxg4 cxb4 40. cxb4 axb4 41. axb4 Rb6 42. Rb2 Kg5 43. Kxf3 Rb5 44. Rd2 g6 45. Rd4 Kf6 46. g5+ Kxg5 47. Rg4+ Kf5 48. Rf4+ Ke5 49. Rg4 Rb6 50. Ke3 Kf5 51. Rf4+ Ke5 52. Rg4 Kf5 53. Rf4+ Kg5 54. Rd4 Rb5 55. Kf3 Kh5 56. Kg3 g5 57. Kh3 Kg6 58. Kg4 Kf6 59. Kh5 Ke5 60. Rg4 Kd6 61. Rxg5 Rxb4 62. Rg1 Kc5 63. Kg5 Re4 64. Kf5 Re2 65. Kf4 d4 66. Rc1+ Kb5 67. Kf3 d3 68. Rc8 Kb4 69. Rc1 d2 70. Rc8 Re3+ 71. Kf2 Rd3 72. Rb8+ Kc3 73. Rc8+ Kb4 74. Rb8+ Kc5 75. Rc8+ Kb6 76. Rb8+ Kc7 0-1

[Event "Crema op 11th"]
[Site "Crema"]
[Date "2009.09.04"]
[Round "1"]
[White "Christen, Peter Walter"]
[Black "Gonella, Daniele"]
[Result "0-1"]
[WhiteElo "1420"]
[BlackElo "1827"]
[PlyCount "64"]
[EventDate "2009.09.04"]
[EventType "swiss"]
[EventRounds "6"]
[EventCountry "ITA"]
[SourceTitle "EXT 2011"]
[Source "ChessBase"]
[SourceDate "2010.11.26"]
[SourceVersion "1"]
[SourceVersionDate "2010.11.26"]
[SourceQuality "1"]

1. e4 e5 2. Nf3 Nc6 3. Bc4 Bc5 4. c3 Nf6 5. b4 Bb6 6. d3 d6 7. a4 a5 8. b5 Ne7 9. 0-0 0-0 10. Be3 c6 11. Nbd2 Bxe3 12. fxe3 d5 13. exd5 Nexd5 14. Bxd5 Nxd5 15. Nc4 cxb5 16. axb5 e4 17. dxe4 Nxc3 18. Qxd8 Rxd8 19. Nb6 Ra7 20. Nxc8 Rxc8 21. Nd4 Nxe4 22. Rf4 Nf6 23. Raf1 a4 24. g4 h6 25. h4 a3 26. Nf5 Rc2 27. Nxh6+ gxh6 28. Rxf6 a2 29. Rxf7 a1Q 30. Rf8+ Kh7 31. R8f7+ Qg7 32. b6 Raa2 0-1

[Event "Crema op 11th"]
[Site "Crema"]
[Date "2009.09.04"]
[Round "2"]
[White "Tedoldi, Guido"]
[Black "Christen, Peter Walter"]
[Result "1/2-1/2"]
[WhiteElo "1774"]
[BlackElo "1420"]
[PlyCount "66"]
[EventDate "2009.09.04"]
[EventType "swiss"]
[EventRounds "6"]
[EventCountry "ITA"]
[SourceTitle "EXT 2011"]
[Source "ChessBase"]
[SourceDate "2010.11.26"]
[SourceVersion "1"]
[SourceVersionDate "2010.11.26"]
[SourceQuality "1"]

1. c4 e6 2. Nc3 d5 3. cxd5 exd5 4. d4 Nf6 5. e3 Bb4 6. Bd2 0-0 7. Nf3 Re8 8. Bd3 Nc6 9. 0-0 Bg4 10. h3 Bxc3 11. Bxc3 Bh5 12. Be2 Ne4 13. Rc1 Bxf3 14. Bxf3 Nxc3 15. Rxc3 Ne7 16. Qc2 c6 17. b4 a6 18. h4 g6 19. h5 Nf5 20. hxg6 hxg6 21. Bg4 Nd6 22. Bf3 Kg7 23. Re1 Nf5 24. Qd3 Qh4 25. e4 dxe4 26. Bxe4 Nd6 27. g3 Qh3 28. Qf3 Re7 29. Rce3 Rae8 30. Bd3 Rxe3 31. Rxe3 Rxe3 32. Qxe3 Qd7 33. Qe5+ f6 1/2-1/2

[Event "Vanzaghello op 5th"]
[Site "Vanzaghello"]
[Date "2009.05.09"]
[Round "2"]
[White "Palminteri, Vincenzo"]
[Black "Christen, Peter Walter"]
[Result "1/2-1/2"]
[WhiteElo "1859"]
[BlackElo "1559"]
[PlyCount "49"]
[EventDate "2009.05.08"]
[EventType "swiss"]
[EventRounds "5"]
[EventCountry "ITA"]
[SourceTitle "EXT 2011"]
[Source "ChessBase"]
[SourceDate "2010.11.26"]
[SourceVersion "1"]
[SourceVersionDate "2010.11.26"]
[SourceQuality "1"]

1. e4 e6 2. d4 d5 3. Nd2 c5 4. exd5 Qxd5 5. Ngf3 Nc6 6. Bc4 Qd8 7. Nb3 cxd4 8. Nbxd4 Nxd4 9. Nxd4 e5 10. Bxf7+ Kxf7 11. Qh5+ g6 12. Qxe5 Bg7 13. Qf4+ Nf6 14. 0-0 Re8 15. Nb5 Re7 16. Be3 Qa5 17. Nd6+ Kg8 18. Bd4 Ne8 19. c3 Bxd4 20. Qxd4 Nxd6 21. Qxd6 Qc7 22. Qf6 Bf5 23. a3 Rae8 24. g4 Bc8 25. b4 1/2-1/2

[Event "Ceriano Laghetto op-C 17th"]
[Site "Ceriano Laghetto"]
[Date "2008.03.29"]
[Round "3"]
[White "Moroni, Luca Jr"]
[Black "Christen, Peter Walter"]
[Result "0-1"]
[WhiteElo "1461"]
[BlackElo "1430"]
[PlyCount "121"]
[EventDate "2008.03.28"]
[EventType "swiss"]
[EventRounds "5"]
[EventCountry "ITA"]
[SourceTitle "EXT 2011"]
[Source "ChessBase"]
[SourceDate "2010.11.26"]
[SourceVersion "1"]
[SourceVersionDate "2010.11.26"]
[SourceQuality "1"]

1. d4 e6 2. e4 d5 3. e5 c5 4. c3 Nc6 5. Nf3 Bd7 6. Bb5 Nxe5 7. Bxd7+ Nxd7 8. 0-0 Ngf6 9. Bg5 Be7 10. Ne5 cxd4 11. cxd4 0-0 12. Nxd7 Nxd7 13. Bxe7 Qxe7 14. Nc3 Rfc8 15. Re1 Qb4 16. Rb1 Rc4 17. a3 Qb6 18. Ne2 Rac8 19. b3 R4c6 20. Ng3 Nf6 21. h3 Rc2 22. a4 Qb4 23. Re2 Rxe2 24. Nxe2 a6 25. Nf4 g6 26. Qe2 Rc6 27. Qe5 Nd7 28. Qg5 f6 29. Qg4 f5 30. Qg5 Qf8 31. Re1 Qf7 32. Qd8+ Nf8 33. Qg5 Qg7 34. Rd1 h6 35. Qg3 g5 36. Ne2 Qc7 37. Qxc7 Rxc7 38. f4 Rc2 39. Kf1 Ng6 40. fxg5 hxg5 41. Re1 Kf7 42. g4 f4 43. Rc1 Rxc1+ 44. Nxc1 e5 45. dxe5 Nxe5 46. b4 Nc6 47. b5 axb5 48. axb5 Nd4 49. b6 Ke6 50. Nd3 Kd6 51. Ke1 Kc6 52. Ne5+ Kxb6 53. Kd2 Kc5 54. Kc3 Ne2+ 55. Kc2 Ng1 56. Nd3+ Kd4 57. Kd2 Nxh3 58. Ne1 Nf2 59. Nf3+ Kc4 60. Ne5+ Kd4 61. Nf3+ 0-1